[Event "Sparkassen-Open J"]
[Site "Heusenstamm, Martinsee"]
[Date "2022.11.20"]
[Round "6.2"]
[White "Rudolph, Alexander"]
[Black "Dietrich, Fabian"]
[Result "1-0"]
[WhiteElo "1434"]
[BlackElo "1471"]
[PlyCount "93"]
[EventDate "2022.??.??"]
[WhiteTeam "SK Tarrasch München"]
[BlackTeam "SK Marburg 1931/72"]

1. e4 e5 2. Nf3 Nc6 3. Bc4 Bc5 4. d4 exd4 5. c3 Nf6 6. e5 d5 7. Bb5 Ne4 8. cxd4
Bb4+ 9. Bd2 Nxd2 10. Nbxd2 Bd7 11. O-O O-O 12. Qc2 Nxe5 13. Qa4 Bxb5 14. Qxb5
Bxd2 15. dxe5 Bf4 16. Qxb7 Qe7 17. Qxd5 Rab8 18. b3 Rb6 19. Rfe1 Rh6 20. Re4 c6
21. Qc4 Bg5 22. h4 Bxh4 23. Rxh4 Rxh4 24. Qxh4 Qa3 25. g4 Qb2 26. Re1 Qxa2 27.
Kg2 Qxb3 28. Rh1 Qd3 29. Qe7 a5 30. e6 fxe6 31. Qxe6+ Kh8 32. Ng5 Qd5+ 33. Qxd5
cxd5 34. Nxh7 Rxf2+ 35. Kg3 Kg8 36. Kxf2 a4 37. Ng5 a3 38. Re1 g6 39. Ra1 d4
40. Rxa3 d3 41. Rxd3 Kg7 42. Kg3 Kh6 43. Kf4 Kg7 44. Rd7+ Kg8 45. Ke5 Kh8 46.
Kf6 Kg8 47. Rd8# 1-0

[Event "Sparkassen-Open J"]
[Site "Heusenstamm, Martinsee"]
[Date "2022.11.20"]
[Round "6.3"]
[White "Will, Elina"]
[Black "Himmelspacht, Maxim"]
[Result "0-1"]
[WhiteElo "1381"]
[BlackElo "1538"]
[PlyCount "118"]
[EventDate "2022.??.??"]
[WhiteTeam "TuS Makkabi Wiesbaden"]
[BlackTeam "SK 1858 Gießen"]

1. e4 e6 2. d4 d5 3. exd5 exd5 4. Bd3 Bd6 5. Nf3 Nf6 6. O-O O-O 7. Nc3 Bg4 8.
Bg5 Nbd7 9. Nxd5 c6 10. Nxf6+ Nxf6 11. h3 Bh5 12. Be2 h6 13. Bxf6 Qxf6 14. c3
Rfe8 15. Qd2 Re7 16. Rae1 Rae8 17. Bd1 Bg6 18. Rxe7 Rxe7 19. Re1 Bf4 20. Re3
Be4 21. Qe1 Bxe3 22. fxe3 Bxf3 23. Bxf3 Qe6 24. a3 Qxe3+ 25. Qxe3 Rxe3 26. Kf2
Re7 27. a4 Kf8 28. b4 Ke8 29. c4 Kd7 30. d5 cxd5 31. Bxd5 Kd6 32. h4 b6 33. g3
a5 34. b5 Kc5 35. Kf3 Kb4 36. c5 Kxc5 37. Bb3 Kb4 38. Bc2 Kc3 39. Bd1 Kd2 40.
Bb3 Re3+ 41. Kf4 Rxb3 42. Ke5 Rd3 43. g4 Kc3 44. g5 hxg5 45. hxg5 Kb4 46. Kf5
Kxa4 47. g6 fxg6+ 48. Kxg6 Kxb5 49. Kxg7 a4 50. Kf6 a3 51. Ke5 a2 52. Ke4 a1=Q
53. Kxd3 Qe5 54. Kc2 Qe3 55. Kb2 Qd3 56. Ka1 Qd2 57. Kb1 Kb4 58. Ka1 Kb3 59.
Kb1 Qe1# 0-1

[Event "Sparkassen-Open J"]
[Site "Heusenstamm, Martinsee"]
[Date "2022.11.20"]
[Round "6.4"]
[White "Meitzner, Jonathan Franz"]
[Black "Sreeramulu, Aarush"]
[Result "1-0"]
[WhiteElo "1302"]
[BlackElo "1526"]
[PlyCount "95"]
[EventDate "2022.??.??"]
[WhiteTeam "1. Eichsfelder Sportclub"]
[BlackTeam "SK Marburg 1931/72"]

1. e4 c6 2. d4 d5 3. exd5 cxd5 4. c4 Nf6 5. Nc3 Nc6 6. Nf3 Bg4 7. Be3 e6 8.
cxd5 Nxd5 9. a3 Rc8 10. Be2 Be7 11. Rc1 Nxc3 12. Rxc3 O-O 13. O-O Bf6 14. Rd3
Bf5 15. Rd2 Be4 16. Ne5 Qc7 17. Ng4 Qe7 18. f3 Bg6 19. Qb3 b6 20. Rfd1 Bg5 21.
Bxg5 Qxg5 22. Qb5 Qxb5 23. Bxb5 Ne7 24. Ne5 Rfd8 25. Nxg6 hxg6 26. Ba4 Nf5 27.
g4 Ne3 28. Re1 Nd5 29. Rc2 Rxc2 30. Bxc2 Nc7 31. Rd1 Nb5 32. d5 exd5 33. Bb3
Kf8 34. Rxd5 Rxd5 35. Bxd5 Ke7 36. Kf2 Nd6 37. Ke3 g5 38. f4 gxf4+ 39. Kxf4 Ne8
40. h4 a5 41. g5 g6 42. Ke5 Nd6 43. Bb3 Nb7 44. Bc4 Nd6 45. Be2 Nb7 46. Kd5 Nd8
47. Bg4 Ne6 48. Kc6 1-0

[Event "Sparkassen-Open J"]
[Site "Heusenstamm, Martinsee"]
[Date "2022.11.20"]
[Round "6.5"]
[White "Englert, Ann"]
[Black "Rafikova, Ailin"]
[Result "1/2-1/2"]
[WhiteElo "1246"]
[BlackElo "1238"]
[PlyCount "65"]
[EventDate "2022.??.??"]
[WhiteTeam "TV-Großostheim"]
[BlackTeam "SK Sandhausen"]

1. d4 Nf6 2. c4 g6 3. Nc3 d5 4. cxd5 Nxd5 5. e4 Nxc3 6. bxc3 Bg7 7. Bf4 c5 8.
Nf3 Qa5 9. Qd2 Nc6 10. Rd1 O-O 11. Be2 Rd8 12. Be3 Bg4 13. e5 Bxf3 14. Bxf3
Bxe5 15. Bxc6 bxc6 16. O-O cxd4 17. cxd4 Qxd2 18. Rxd2 Bg7 19. Rc1 Rac8 20. g3
Rd5 21. Rcc2 a6 22. Kg2 e5 23. dxe5 Rxd2 24. Rxd2 Bxe5 25. Rd7 Bc3 26. Ra7 a5
27. Bb6 c5 28. Bxa5 Bxa5 29. Rxa5 c4 30. Rd5 c3 31. Rd1 Ra8 32. Rc1 Rxa2 33.
Rxc3 1/2-1/2

[Event "Sparkassen-Open J"]
[Site "Heusenstamm, Martinsee"]
[Date "2022.11.20"]
[Round "6.6"]
[White "Draude, Theo"]
[Black "Jung, Lukas"]
[Result "1-0"]
[WhiteElo "1208"]
[BlackElo "1237"]
[PlyCount "107"]
[EventDate "2022.??.??"]
[WhiteTeam "SF Korbach"]
[BlackTeam "SK Marburg 1931/72"]

1. e4 e5 2. Nf3 Nc6 3. Bc4 Nf6 4. d3 Bc5 5. c3 d6 6. O-O Bg4 7. Be3 d5 8. exd5
Bxe3 9. fxe3 Nxd5 10. Qe1 Bxf3 11. Rxf3 O-O 12. Na3 Nf6 13. Qg3 a6 14. Raf1 Kh8
15. Nc2 b5 16. Bb3 a5 17. a3 Ne7 18. d4 e4 19. R3f2 Ng6 20. h4 Nh5 21. Qg5 Qxg5
22. hxg5 f6 23. Bd5 Rad8 24. Bc6 Ng3 25. Rd1 fxg5 26. Bxb5 Rxf2 27. Kxf2 Nh5
28. Na1 Rf8+ 29. Kg1 Nf6 30. Rf1 Rb8 31. a4 Nh4 32. b4 axb4 33. cxb4 c6 34.
Bxc6 Rxb4 35. Bxe4 Kg8 36. Bc2 Ng4 37. Bb3+ Rxb3 38. Nxb3 Nxe3 39. a5 Nc4 40.
a6 Nb6 41. a7 Ng6 42. d5 Ne7 43. d6 Nc6 44. d7 h5 45. Nd4 Nd8 46. Rb1 h4 47.
Rxb6 h3 48. Rb8 hxg2 49. Kxg2 g4 50. a8=Q Kh7 51. Qe4+ g6 52. Qe7+ Kh6 53. Rxd8
g3 54. Rh8# 1-0

[Event "Sparkassen-Open J"]
[Site "Heusenstamm, Martinsee"]
[Date "2022.11.20"]
[Round "6.7"]
[White "Kollmer, Otto"]
[Black "Shymanskyi, Illia"]
[Result "1/2-1/2"]
[WhiteElo "880"]
[BlackElo "1259"]
[PlyCount "40"]
[EventDate "2022.??.??"]
[WhiteTeam "VSG 1880 Offenbach"]
[BlackTeam "SC Steinbach"]

1. e4 e6 2. d4 d5 3. Nc3 Bb4 4. Nf3 dxe4 5. Ne5 Nd7 6. Bd2 Nxe5 7. dxe5 Qd4 8.
Bb5+ c6 9. Ba4 Qxe5 10. O-O Nf6 11. a3 Bd6 12. g3 O-O 13. Bf4 Qf5 14. Bxd6 Rd8
15. Qd2 Ne8 16. Qe3 Rxd6 17. Nxe4 Rd8 18. Rfd1 Rxd1+ 19. Rxd1 Qa5 20. b4 Qc7
1/2-1/2

[Event "Sparkassen-Open J"]
[Site "Heusenstamm, Martinsee"]
[Date "2022.11.20"]
[Round "6.8"]
[White "Staat, Christian"]
[Black "Li, Xiao Teng"]
[Result "1-0"]
[WhiteElo "1220"]
[BlackElo "1173"]
[PlyCount "53"]
[EventDate "2022.??.??"]
[WhiteTeam "VSG 1880 Offenbach"]
[BlackTeam "SK Bad Homburg 1927"]

1. d4 d5 2. c4 c6 3. Nc3 Nf6 4. Nf3 Bf5 5. Bf4 e6 6. e3 Nbd7 7. h3 Be7 8. Be2
O-O 9. O-O Nh5 10. Bh2 Nhf6 11. Rc1 Rc8 12. cxd5 exd5 13. Qb3 Nb6 14. Na4 Nxa4
15. Qxa4 a6 16. Qb3 b5 17. Ne5 Qe8 18. a4 Ne4 19. Rfd1 f6 20. Nxc6 bxa4 21.
Qxd5+ Qf7 22. Nxe7+ Kh8 23. Qxf7 Rxf7 24. Nxf5 Rcf8 25. Nd6 Nxd6 26. Bxd6 Rd8
27. Rc7 1-0

[Event "Sparkassen-Open J"]
[Site "Heusenstamm, Martinsee"]
[Date "2022.11.20"]
[Round "6.9"]
[White "Stehning, Michel"]
[Black "Zargaran, Sepas"]
[Result "1-0"]
[WhiteElo "1136"]
[BlackElo "1222"]
[PlyCount "71"]
[EventDate "2022.??.??"]
[WhiteTeam "SF Braunfels"]
[BlackTeam "VSG 1880 Offenbach"]

1. d4 Nf6 2. Bf4 g6 3. e3 Bg7 4. Be2 d6 5. Nc3 Nbd7 6. Qd2 e5 7. Bg3 b6 8.
O-O-O Qe7 9. Nf3 Bb7 10. d5 O-O 11. h4 h5 12. Kb1 Ng4 13. Ng5 Ngf6 14. e4 Nc5
15. Rde1 Bh6 16. f3 a5 17. Bf2 Ba6 18. g4 hxg4 19. fxg4 Nfxe4 20. Qe3 Nxc3+ 21.
Qxc3 Bxg5 22. hxg5 f6 23. Bxa6 Nxa6 24. Rh6 Qg7 25. Reh1 fxg5 26. Qd3 Rf6 27.
Be3 Nc5 28. Bxc5 dxc5 29. a3 Raf8 30. Ka2 Rf3 31. Qe2 Qf6 32. Qh2 Kf7 33. Rh7+
Ke8 34. Rxc7 Qd8 35. Qxe5+ Qe7 36. Qxe7# 1-0

[Event "Sparkassen-Open J"]
[Site "Heusenstamm, Martinsee"]
[Date "2022.11.20"]
[Round "6.10"]
[White "González Peisker, Mateo"]
[Black "Wilczek, Jan-Philipp"]
[Result "0-1"]
[WhiteElo "1455"]
[BlackElo "1157"]
[PlyCount "66"]
[EventDate "2022.??.??"]
[WhiteTeam "SV Multatuli Ingelheim"]
[BlackTeam "SC Bad Soden"]

1. c4 e5 2. g3 Nf6 3. Bg2 Bc5 4. e3 c6 5. d4 Bb4+ 6. Bd2 Bxd2+ 7. Qxd2 exd4 8.
exd4 Qe7+ 9. Qe3 Qxe3+ 10. fxe3 O-O 11. Nc3 Re8 12. Kd2 d6 13. Nf3 Bf5 14. Rhe1
Ne4+ 15. Nxe4 Bxe4 16. Rf1 Nd7 17. Bh3 Nf6 18. g4 c5 19. g5 Bxf3 20. gxf6 Bh5
21. Rg1 g6 22. d5 Rab8 23. Rg3 b5 24. cxb5 Rxb5 25. Bd7 Rxb2+ 26. Kc3 Reb8 27.
Rh3 Re2 28. Rg1 Kf8 29. Kd3 Rbb2 30. Bg4 Bxg4 31. Rxh7 Bf5+ 32. e4 Bxe4+ 33.
Kc4 Rec2# 0-1

[Event "Sparkassen-Open J"]
[Site "Heusenstamm, Martinsee"]
[Date "2022.11.20"]
[Round "6.11"]
[White "Meitzner, Johan Eduard"]
[Black "Avhopulo, Kirill"]
[Result "0-1"]
[WhiteElo "1191"]
[BlackElo "1143"]
[PlyCount "142"]
[EventDate "2022.??.??"]
[WhiteTeam "1. Eichsfelder Sportclub"]
[BlackTeam "SK Marburg 1931/72"]

1. e4 e5 2. Nf3 Nc6 3. Bc4 Bc5 4. c3 Nf6 5. d4 exd4 6. cxd4 Bb4+ 7. Bd2 Nxe4 8.
Bxb4 Nxb4 9. Bxf7+ Kxf7 10. Qb3+ d5 11. Ne5+ Ke8 12. Qxb4 Qg5 13. Qb5+ c6 14.
Nxc6 Qc1+ 15. Ke2 Qxc6 16. Qd3 Qc4 17. Re1 Qxd3+ 18. Kxd3 Kf7 19. f3 Nf6 20.
Nc3 Bf5+ 21. Kd2 h6 22. Nb5 a6 23. Nd6+ Kg6 24. g4 Bd7 25. h4 Ne8 26. h5+ Kh7
27. Nf7 Rf8 28. Ne5 Nf6 29. Rg1 Be8 30. Rac1 Nd7 31. Nd3 Rxf3 32. Rc7 b6 33. g5
hxg5 34. Rxg5 Rf7 35. Rb7 b5 36. Rxd5 Nf6 37. Rxf7 Bxf7 38. Rf5 Bxh5 39. Ne5
Rd8 40. Kc3 Bg6 41. Rf3 Ne4+ 42. Kb4 Rxd4+ 43. Ka5 Bh5 44. Rh3 g6 45. Kxa6 Nf6
46. Nc6 Rd5 47. Rb3 Be2 48. Ka5 Nd7 49. Re3 Bg4 50. Rb3 Ne5 51. Nb4 Nc4+ 52.
Ka6 Bc8+ 53. Ka7 Rf5 54. Nc6 Bd7 55. Nd4 Rd5 56. Nf3 Bc6 57. Rc3 g5 58. b3 Rd7+
59. Ka6 Bxf3 60. bxc4 bxc4 61. Rxf3 Rd3 62. Rf5 Kg6 63. Rc5 c3 64. a4 g4 65. a5
g3 66. Rc8 Kf5 67. Rg8 c2 68. Rc8 Rd2 69. Kb7 g2 70. a6 g1=Q 71. a7 Rd7+ 0-1

[Event "Sparkassen-Open J"]
[Site "Heusenstamm, Martinsee"]
[Date "2022.11.20"]
[Round "6.12"]
[White "Papadopoulos, Kyriakos"]
[Black "Löffelholz, Jonas"]
[Result "1-0"]
[WhiteElo "1331"]
[BlackElo "1077"]
[PlyCount "75"]
[EventDate "2022.??.??"]
[WhiteTeam "VSG 1880 Offenbach"]
[BlackTeam "1. Eichsfelder Sportclub"]

1. d4 Nf6 2. c4 b6 3. Nc3 Bb7 4. Nf3 e6 5. Bf4 Bb4 6. e3 Ne4 7. Qb3 c5 8. Bd3
O-O 9. O-O d5 10. Qc2 Bxc3 11. bxc3 Nd7 12. cxd5 exd5 13. c4 Ndf6 14. Ng5 h6
15. Nf3 Qd7 16. Ne5 Qf5 17. f3 dxc4 18. Bxe4 Nxe4 19. fxe4 Bxe4 20. Qxc4 Qh5
21. dxc5 bxc5 22. Qxe4 Rad8 23. Qf3 Qxf3 24. Nxf3 Rd3 25. Rfc1 Rc8 26. Ne5 Rd2
27. Nc4 Rd5 28. e4 Rd7 29. Be3 Re7 30. Nd6 Rd8 31. Bxc5 Re5 32. Nb5 Rxe4 33.
Bxa7 Rd2 34. Rd1 Rb2 35. Nc3 Rg4 36. g3 Rc4 37. Rf1 Rxc3 38. Bd4 1-0

[Event "Sparkassen-Open J"]
[Site "Heusenstamm, Martinsee"]
[Date "2022.11.20"]
[Round "6.13"]
[White "Hochmuth, Lukas Emanuel"]
[Black "Riazi, Dominik"]
[Result "0-1"]
[WhiteElo "1324"]
[BlackElo "1034"]
[PlyCount "62"]
[EventDate "2022.??.??"]
[WhiteTeam "SC Bad Nauheim"]
[BlackTeam "SV Frankfurt Nord 1926"]

1. e4 e5 2. Nf3 Nc6 3. Bc4 Nf6 4. d3 Bc5 5. c3 d6 6. Nbd2 Bg4 7. O-O O-O 8. h3
Bh5 9. b4 Bb6 10. a4 a5 11. b5 Ne7 12. Re1 Ng6 13. d4 Ne7 14. dxe5 dxe5 15. Qb3
Ba7 16. Nxe5 Qd6 17. Ndf3 Ng6 18. Bxf7+ Kh8 19. g4 Nxe5 20. Nxe5 Qxe5 21. Bxh5
Qg3+ 22. Kh1 Bxf2 23. Bf4 Qf3+ 24. Kh2 Qxf4+ 25. Kg2 Bxe1 26. Rxe1 Nxh5 27.
gxh5 Qf2+ 28. Kh1 Qxe1+ 29. Kh2 Rf2+ 30. Kg3 Qg1+ 31. Kh4 Rf4# 0-1

[Event "Sparkassen-Open J"]
[Site "Heusenstamm, Martinsee"]
[Date "2022.11.20"]
[Round "6.14"]
[White "Noll, Raphael"]
[Black "Jung, Felix"]
[Result "0-1"]
[WhiteElo "943"]
[BlackElo "1315"]
[PlyCount "146"]
[EventDate "2022.??.??"]
[WhiteTeam "SK Marburg 1931/72"]
[BlackTeam "SK Marburg 1931/72"]

1. e4 e5 2. Nf3 Nc6 3. Bb5 Bc5 4. d3 Qe7 5. Bxc6 dxc6 6. Be3 Bg4 7. h3 Bxe3 8.
fxe3 Bxf3 9. Qxf3 Qb4+ 10. Nd2 Qxb2 11. Rb1 Qxc2 12. Rxb7 Qc1+ 13. Qd1 Qxd1+
14. Kxd1 Kd7 15. Nf3 f6 16. Kd2 Ne7 17. d4 Ng6 18. Rc1 Rhd8 19. d5 Rab8 20.
Rxa7 Rb2+ 21. Rc2 Rxc2+ 22. Kxc2 cxd5 23. exd5 Ne7 24. e4 Kd6 25. Rb7 Ra8 26.
Kb3 Nc8 27. g4 Nb6 28. Nd2 Kd7 29. Nc4 Na4 30. Kb4 Kc8 31. Rb5 Ra6 32. Na5 Nb2
33. Kc3 Nd1+ 34. Kb3 Nf2 35. Nc6 Rb6 36. Rxb6 cxb6 37. Ne7+ Kd7 38. Nf5 g6 39.
Ng3 Nxh3 40. Kb4 Nf4 41. Kb5 Kc7 42. a4 Nd3 43. d6+ Kxd6 44. Kxb6 Nc5 45. a5
Nd7+ 46. Kb7 h6 47. a6 Nc5+ 48. Kb6 Nd7+ 49. Kb7 Nc5+ 50. Kb6 Nxa6 51. Kxa6 Kc5
52. Ka5 Kd4 53. Kb4 Ke3 54. Kc4 Kf4 55. Nh5+ gxh5 56. gxh5 Kxe4 57. Kc3 Ke3 58.
Kc4 e4 59. Kd5 Kf4 60. Ke6 Kg5 61. Kd5 e3 62. Kd4 e2 63. Kd3 e1=Q 64. Kd4 f5
65. Kd5 Qe4+ 66. Kc5 f4 67. Kd6 f3 68. Kc5 f2 69. Kd6 f1=Q 70. Kc5 Qfc4+ 71.
Kd6 Qed5+ 72. Ke7 Qe6+ 73. Kd8 Qcc8# 0-1

[Event "Sparkassen-Open J"]
[Site "Heusenstamm, Martinsee"]
[Date "2022.11.20"]
[Round "6.18"]
[White "Vasudevan, Ananya"]
[Black "Giegerich, Lenn Valentin"]
[Result "0-1"]
[WhiteElo "874"]
[BlackElo "1213"]
[PlyCount "88"]
[EventDate "2022.??.??"]
[WhiteTeam "SK Langen"]
[BlackTeam "SC Aschaffenburg"]

1. d4 d5 2. Nc3 Nc6 3. Bf4 Nf6 4. Nb5 e5 5. dxe5 Nh5 6. e3 Nxf4 7. exf4 a6 8.
Nc3 Bb4 9. Nf3 d4 10. a3 dxc3 11. Qxd8+ Nxd8 12. axb4 cxb2 13. Rb1 a5 14. bxa5
Rxa5 15. Rxb2 Be6 16. Rb5 Ra1+ 17. Kd2 Bc4 18. Rc5 Rxf1 19. Rxf1 Bxf1 20. g3
Bg2 21. Nh4 Ne6 22. Ra5 b6 23. Ra8+ Bxa8 24. Nf5 O-O 25. Ne7+ Kh8 26. f5 Ng5
27. f4 Nf3+ 28. Ke2 Re8 29. f6 gxf6 30. exf6 Nd4+ 31. Kd3 Nf5 32. Nxf5 Be4+ 33.
Kd2 Bxf5 34. Kd1 c5 35. Kc1 b5 36. Kb2 b4 37. Kb3 Bd7 38. c3 Re3 39. Kc2 Rxc3+
40. Kb1 b3 41. Kb2 Rf3 42. Kb1 Rf2 43. Ka1 Bf5 44. h4 Ra2# 0-1

[Event "Sparkassen-Open J"]
[Site "Heusenstamm, Martinsee"]
[Date "2022.11.20"]
[Round "6.20"]
[White "Stehning, Toni"]
[Black "Henzelmann, Matthias"]
[Result "1-0"]
[WhiteElo "1505"]
[BlackElo "980"]
[PlyCount "41"]
[EventDate "2022.??.??"]
[WhiteTeam "SF Braunfels"]
[BlackTeam "SC Heuchelheim"]

1. e4 e5 2. Bc4 Nf6 3. d4 exd4 4. Nf3 Nxe4 5. Qxd4 Nf6 6. Nc3 Nc6 7. Qh4 h6 8.
Be3 Be7 9. O-O-O Nd5 10. Qg3 Nxe3 11. Qxg7 Rf8 12. fxe3 Bg5 13. Nb5 Bxe3+ 14.
Kb1 a6 15. Rhe1 axb5 16. Rxe3+ Ne7 17. Rde1 bxc4 18. Qf6 Rg8 19. Rxe7+ Qxe7 20.
Rxe7+ Kd8 21. Re6# 1-0

[Event "Sparkassen-Open J"]
[Site "Heusenstamm, Martinsee"]
[Date "2022.11.20"]
[Round "6.21"]
[White "Kim, David"]
[Black "Kanno, Gabriel"]
[Result "1/2-1/2"]
[WhiteElo "1312"]
[BlackElo "953"]
[PlyCount "105"]
[EventDate "2022.??.??"]
[WhiteTeam "SV 1920 Hofheim"]
[BlackTeam "SF Essen-Werden 1924/80"]

1. e4 e5 2. Nf3 Nc6 3. Bc4 Bc5 4. d3 h6 5. Nc3 Nf6 6. O-O d6 7. h3 Be6 8. Bb3
Qe7 9. Be3 Bxe3 10. fxe3 O-O-O 11. d4 Nd7 12. d5 Bxd5 13. exd5 Nb4 14. e4 Qf6
15. a3 Na6 16. Qd2 Qg6 17. Nh4 Qh5 18. Nf5 Nac5 19. g4 Qxh3 20. Qg2 Qxg2+ 21.
Kxg2 g6 22. Ne3 f6 23. Kf2 h5 24. gxh5 Rxh5 25. Rh1 Rdh8 26. Rxh5 Rxh5 27. Rg1
g5 28. Nf5 Nb6 29. Ba2 Nba4 30. Nxa4 Nxa4 31. b4 Nc3 32. Bb3 Nxe4+ 33. Ke3 Nc3
34. a4 b5 35. Kd3 bxa4 36. Kxc3 axb3 37. Kxb3 g4 38. Ne7+ Kd7 39. Nc6 f5 40.
Kc3 Rg5 41. Kd3 f4 42. Ke2 f3+ 43. Kf2 e4 44. Nd4 g3+ 45. Rxg3 Rxg3 46. Kxg3 c5
47. bxc5 dxc5 48. Nf5 a5 49. Ne3 a4 50. Nc4 Ke7 51. Kf2 Kf6 52. Ke3 Ke7 53. Kf2
1/2-1/2

[Event "Sparkassen-Open J"]
[Site "Heusenstamm, Martinsee"]
[Date "2022.11.20"]
[Round "6.23"]
[White "Lenhard, Robert"]
[Black "Shanmuganathan, Adhav"]
[Result "1/2-1/2"]
[WhiteElo "799"]
[BlackElo "1094"]
[PlyCount "44"]
[EventDate "2022.??.??"]
[WhiteTeam "SV 1920 Hofheim"]
[BlackTeam "SV 1934 Ffm-Griesheim"]

1. e4 e5 2. Nf3 Nc6 3. Bc4 Bc5 4. O-O Nf6 5. Nc3 O-O 6. d3 h6 7. Be3 Bb6 8. Re1
d6 9. h3 Be6 10. Bb3 Qd7 11. Bxe6 fxe6 12. Bxb6 axb6 13. Qe2 Rfe8 14. Qd2 d5
15. a3 d4 16. Ne2 Ne7 17. Nxe5 Qd8 18. Nf3 Ng6 19. Nexd4 c5 20. Ne2 Qd7 21. Qc3
Rf8 22. Red1 Rac8 1/2-1/2

[Event "Sparkassen-Open J"]
[Site "Heusenstamm, Martinsee"]
[Date "2022.11.20"]
[Round "6.24"]
[White "Beier, Martin"]
[Black "Ninnemann, Patrick"]
[Result "1-0"]
[WhiteElo "1178"]
[BlackElo "875"]
[PlyCount "97"]
[EventDate "2022.??.??"]
[WhiteTeam "SK Bad Homburg 1927"]
[BlackTeam "SC Bad Soden"]

1. e4 e5 2. Nf3 Nc6 3. d4 f6 4. Bc4 Nge7 5. c3 d5 6. exd5 Nxd5 7. O-O Bg4 8.
dxe5 fxe5 9. Qxd5 Qxd5 10. Bxd5 O-O-O 11. Be4 Bc5 12. Bg5 Rd6 13. Nbd2 h6 14.
Nc4 hxg5 15. Nxd6+ Bxd6 16. Bxc6 bxc6 17. Nxg5 e4 18. h3 Bf4 19. Nf7 Rf8 20.
hxg4 Rxf7 21. Rfe1 Re7 22. f3 e3 23. Rad1 Bg3 24. Re2 Bf2+ 25. Kf1 g5 26. Rd4
Bg3 27. Re4 Rxe4 28. fxe4 Bf4 29. g3 Bxg3 30. Rxe3 Bf4 31. Rd3 Kb7 32. b4 Kb6
33. c4 a5 34. bxa5+ Kxa5 35. Ra3+ Kb4 36. Ra6 c5 37. a4 Kxc4 38. Ra8 Kb4 39. a5
Kb5 40. Ke2 c6 41. Kd3 Be5 42. a6 Kb6 43. a7 Kb7 44. Re8 Kxa7 45. Rxe5 Kb6 46.
Rxg5 Kb5 47. e5 c4+ 48. Kc3 c5 49. e6 1-0

[Event "Sparkassen-Open J"]
[Site "Heusenstamm, Martinsee"]
[Date "2022.11.20"]
[Round "6.25"]
[White "Neininger, Pascal"]
[Black "Rafikov, Artur"]
[Result "1-0"]
[WhiteElo "1157"]
[BlackElo "785"]
[PlyCount "73"]
[EventDate "2022.??.??"]
[WhiteTeam "SV Oberursel"]
[BlackTeam "SK Sandhausen"]

1. e4 e5 2. Nf3 Nc6 3. d4 exd4 4. Bc4 Bc5 5. c3 dxc3 6. Bxf7+ Kxf7 7. Qd5+ Kf8
8. Qxc5+ Nge7 9. Nxc3 d6 10. Qc4 g6 11. Bh6+ Ke8 12. Ng5 Rg8 13. O-O Ne5 14.
Qb3 Bg4 15. h3 Bc8 16. Nd5 c6 17. Nxe7 Qxe7 18. Qxg8+ Kd7 19. Qg7 Qxg7 20. Bxg7
b6 21. Bxe5 dxe5 22. Nxh7 Kc7 23. Nf8 Bxh3 24. gxh3 Rxf8 25. Rad1 Rg8 26. f4
exf4 27. Rxf4 Kb7 28. e5 Re8 29. Re4 a5 30. e6 Ka6 31. e7 Kb7 32. Rd8 Rxd8 33.
exd8=Q Ka6 34. Re5 Kb7 35. Qd7+ Ka6 36. Qc8+ Ka7 37. Re7# 1-0

[Event "Sparkassen-Open J"]
[Site "Heusenstamm, Martinsee"]
[Date "2022.11.20"]
[Round "6.26"]
[White "Buntin, Amelia Bernadette"]
[Black "Weyerer, Elea"]
[Result "0-1"]
[WhiteElo "761"]
[BlackElo "1018"]
[PlyCount "58"]
[EventDate "2022.??.??"]
[WhiteTeam "ZSG Grün-Weiß Waltershausen"]
[BlackTeam "SV Oberursel"]

1. e4 e6 2. d4 d5 3. e5 c5 4. Nf3 cxd4 5. Nxd4 Nc6 6. Bb5 Bd7 7. Nf3 Nxe5 8.
Bxd7+ Nxd7 9. O-O Ngf6 10. Nc3 Bd6 11. Bg5 h6 12. Bxf6 Nxf6 13. Re1 O-O 14. Nb5
a6 15. Nxd6 Qxd6 16. Rc1 Rfe8 17. c4 Rad8 18. c5 Qc7 19. h3 e5 20. b4 b6 21.
cxb6 Qxb6 22. Nxe5 Ne4 23. Nf3 Nxf2 24. Rxe8+ Rxe8 25. Qxd5 Nd3+ 26. Kh2 Nxc1
27. Qc4 Ne2 28. a4 Re5 29. Nxe5 Qg1# 0-1

[Event "Sparkassen-Open J"]
[Site "Heusenstamm, Martinsee"]
[Date "2022.11.20"]
[Round "6.29"]
[White "Wolf, Helena"]
[Black "Paul, Jenna"]
[Result "1-0"]
[WhiteElo "741"]
[BlackElo "868"]
[PlyCount "91"]
[EventDate "2022.??.??"]
[WhiteTeam "SK Bad Homburg 1927"]
[BlackTeam "TV-Großostheim"]

1. e4 e5 2. Nf3 Nc6 3. Bc4 Bc5 4. O-O Nf6 5. Re1 O-O 6. h3 h6 7. c3 d5 8. exd5
Re8 9. dxc6 e4 10. cxb7 Bxb7 11. Nh4 Bd5 12. Bxd5 Nxd5 13. Nf5 Qf6 14. Ng3 Qh4
15. Qg4 Qxg4 16. hxg4 Nf6 17. b4 Bd6 18. Na3 Bxg3 19. fxg3 Nxg4 20. Nc4 c6 21.
Nb2 Re6 22. d3 e3 23. Nc4 Rae8 24. Bb2 e2 25. Nd2 f5 26. Nf3 R8e7 27. Nd4 Re5
28. Nxc6 R5e6 29. Nxe7+ Rxe7 30. a4 Re5 31. c4 Re3 32. Bd4 Re6 33. Bxa7 Re7 34.
Bc5 Re5 35. a5 Re8 36. a6 Ne5 37. Rxe2 Kh7 38. a7 Ra8 39. Rxe5 Kg6 40. Re7 Kf6
41. Rb7 Kg6 42. Rb8 Rxb8 43. axb8=Q Kh7 44. Bd4 f4 45. Qxf4 Kh8 46. Qf7 1-0

[Event "Sparkassen-Open J"]
[Site "Heusenstamm, Martinsee"]
[Date "2022.11.20"]
[Round "6.30"]
[White "Filis, Leon"]
[Black "Paschedag, Vivien"]
[Result "1/2-1/2"]
[WhiteElo "731"]
[BlackElo "919"]
[PlyCount "52"]
[EventDate "2022.??.??"]
[WhiteTeam "SV 1920 Hofheim"]
[BlackTeam "SC Heusenstamm"]

1. d4 Nc6 2. Nc3 d6 3. Bf4 e5 4. dxe5 dxe5 5. Qxd8+ Nxd8 6. Bxe5 Ne6 7. Nb5
Bb4+ 8. c3 Ba5 9. Nf3 a6 10. Nbd4 Ne7 11. e4 O-O 12. Bd3 Nc5 13. Be2 Nxe4 14.
O-O Re8 15. Bd3 Nd6 16. Rfe1 Bg4 17. h3 Bxf3 18. Nxf3 Bb6 19. Bxd6 cxd6 20.
Rad1 Nd5 21. Re2 Nf4 22. Rxe8+ Rxe8 23. Re1 Re6 24. Bf5 Rxe1+ 25. Nxe1 g6 26.
Bc8 Kf8 1/2-1/2

[Event "Sparkassen-Open J"]
[Site "Heusenstamm, Martinsee"]
[Date "2022.11.20"]
[Round "6.32"]
[White "Selvaraj, Vibhaakar"]
[Black "Schwab, Florentin"]
[Result "1/2-1/2"]
[WhiteElo "760"]
[BlackElo "1005"]
[PlyCount "81"]
[EventDate "2022.??.??"]
[WhiteTeam "VSG 1880 Offenbach"]
[BlackTeam "SC Aschaffenburg"]

1. e4 c5 2. Nf3 d6 3. e5 dxe5 4. Nxe5 Nf6 5. Bc4 e6 6. Bb5+ Bd7 7. Bc4 Nc6 8.
Qe2 Nxe5 9. Qxe5 Qb8 10. Qe2 g6 11. Nc3 Bg7 12. Na4 Bxa4 13. b3 Bc6 14. Bb5
Bxb5 15. Qxb5+ Nd7 16. c3 a6 17. Qe2 b5 18. d4 cxd4 19. cxd4 Bxd4 20. Bb2 Bxb2
21. Qxb2 Qe5+ 22. Qxe5 Nxe5 23. O-O Rc8 24. f4 Nd7 25. a4 Ra8 26. a5 O-O 27.
Rad1 Rad8 28. g4 Nf6 29. g5 Rxd1 30. Rxd1 Ne8 31. Rc1 Nd6 32. Rc6 Nf5 33. Rxa6
Rc8 34. Kg2 Kf8 35. Rb6 Rc2+ 36. Kf3 Rc3+ 37. Kg4 h5+ 38. gxh6 Nxh6+ 39. Kg5
Rh3 40. Kf6 Kg8 41. a6 1/2-1/2